Código y Sendero / (Record no. 22859)

000 -CABECERA
fixed length control field 00567nam a22001817i 4500
003 - IDENTIFICADOR DEL NÚMERO DE CONTROL
control field AR-CdUCM
008 - DATOS DE LONGITUD FIJA--INFORMACIÓN GENERAL
fixed length control field 240502b20162016pe ||||| |||| 00| 0 spa d
020 ## - NÚMERO INTERNACIONAL ESTÁNDAR DEL LIBRO
ISBN 978-612-47306-0-3
040 ## - FUENTE DE LA CATALOGACIÓN
Agencia/entidad que catalogó originalmente la obra MUNICIPALIDAD PROVINCIAL DEL CUSCO
Entidad que transcribió la catalogación BIBLIOTECA MUNICIPAL DEL CUSCO
082 ## - NÚMERO DE LA CLASIFICACIÓN DECIMAL DEWEY
No. de Clasificación 869.56 / Z38C
Notacion interna Z38C
100 ## - ENTRADA PRINCIPAL--NOMBRE DE PERSONA
Nombre Personal Zárate Agama, Rubén Alex
245 ## - MENCIÓN DE TÍTULO
Título Código y Sendero /
260 ## - PUBLICACIÓN, DISTRIBUCIÓN, ETC.
Lugar de publicación, distribución, etc. Lima :
Nombre de la editorial, distribuidor, etc. Grupo Editorial Zafiro de Macckeey Soto Aguirre,
Fecha de publicación, distribución, etc. 2016.
300 ## - DESCRIPCIÓN FÍSICA
Nº de Páginas Extensión 114 páginas. :
Dimensiones 21cm.
942 ## - ELEMENTOS DE PUNTO DE ACCESO ADICIONAL (KOHA)
Fuente de clasificación
Tipo de item Libros-BMC
945 ## - PROCESAMIENTO DE INFORMACIÓN LOCAL (OCLC)
Catalogador pbj
AAAA-MM-DD - Fecha de ingreso o modificacion 2024-05-02
Holdings
Estado de retiro (separado) Fuente de clasificación o esquema de estanterías Estado dañado Ubicación Sala donde se ubica Nombre de la colección Fecha de adquisición o compra Fuente de adquisición Costo, precio normal en soles Signatura topográfica Código de Barras Última vez visto (Koha) Tipo de ítem (Koha)
No     Sala Humanidades Sala Humanidades Book Cart 2024-05-02 Depósito Legal 10.00 869.56 / Z38C SH0000016688 2024-05-02 Libros-BMC

Powered by Koha